| 000 | 00622nam a2200205 a 4500 | ||
|---|---|---|---|
| 008 | |||
| 020 | _a8170002346 (hbk. ) | ||
| 049 | _aMAIN | ||
| 090 | _aZ678.9.C65 SEH | ||
| 100 | 1 | _aSehgal R. L. | |
| 245 | 1 | 0 |
_aComputer based Iinformation processing techniques for librarians. _nVol. I / _cR. L. Sehgal. |
| 260 |
_aNew Delhi, : _bEss Ess, _c1998 |
||
| 300 |
_a342 p. : _bill. ; _c22 cm. |
||
| 650 |
_aInformation Processing _xLibriarians |
||
| 907 |
_a.b10141601 _b12-02-07 _c02-12-04 |
||
| 003 | |||
| 005 | 20230123134214.0 | ||
| 040 | _cNUST | ||
| 942 |
_cBOOKS _kZ678.9.C65 SEH |
||
| 999 |
_c161853 _d161853 |
||